TV Bad Guys Quiz Stats

Quiz Updated Dec 18, 2017

Challenge
Share
Tweet
Score 0/15 Timer 03:00
1 Play Today
% Correct
Tony Soprano
(The Sopranos)
93.6%
Sideshow Bob
(The Simpsons)
91.6%
Joffrey Baratheon
(Game of Thrones)
88.3%
Dick Dastardly
(Wacky Races)
81%
Cylon
(Battlestar Galactica)
76.8%
Oswald Cobblepot
(Gotham)
73.7%
Gorn
(Star Trek)
72%
Demogorgon
(Stranger Things)
71.9%
% Correct
Gustavo Fring
(Breaking Bad)
68.4%
The Governor
(The Walking Dead)
68.2%
Raymond
'Red'
Reddington
(The Blacklist)
62.8%
Sleestak
(Land of the Lost)
62.6%
Lorne Malvo
(Fargo)
61.9%
Stringer Bell
(The Wire)
58.1%
Killer Bob
(Twin Peaks)
48.7%

You're not logged in!

Compare scores with friends on all Sporcle quizzes.
Join for Free
OR
Log In

You Might Also Like...

Show Comments

Extras

Top Quizzes Today


Score Distribution

Your Account Isn't Verified!

In order to create a playlist on Sporcle, you need to verify the email address you used during registration. Go to your Sporcle Settings to finish the process.

Report this User

Report this user for behavior that violates our Community Guidelines.

Details: